000 00715cab a2200229 4500
001 ABS57313
008 090401t1997 xxu||||| |||| 00| 0 eng d
035 _a(Sirsi) u79819
041 _aeng
100 _aOsmond, C.
245 _aLooking forward to the end of term
260 _c1997
350 _a0
490 _aSolicitors` Journal
_v141(27) 11 July 1997, 675(1)
520 _aExplores why the assumed length of the term of a lease is important at rent review. Analyses the effect on valuation, discounts and the retail market.
650 _aDISCOUNTS
650 _aLENGTH OF TERM
650 _aRENT REVIEW
690 _aLANDLORD AND TENANT-BUSINESS TENANCIES
942 _n0
948 _c23/07/1997
999 _c50217
_d50217